| 000 | 00896cam a22002531 4500 | ||
|---|---|---|---|
| 008 | 210126s1968 fr 000 1 fre d | ||
| 040 |
_aEG-GiCUC _bfre _cEG-GiCUC |
||
| 092 | 0 | 4 |
_a103 _bL193 1968 _221 |
| 099 |
_a04 _a103 L193 1968 |
||
| 100 | 1 |
_aLalande, Andre{u00B4}, _d1867-1963. |
|
| 245 | 1 | 0 |
_aVocabulaire technique et critique de la philosophie / _cpar Andrʹe Lalande. |
| 250 |
_a10. ed., _b rev. et augm. |
||
| 260 |
_aParis , _bPresses Universitaires de France , _c1968. |
||
| 300 |
_axxviii, 1323 p. ; _c25 cm. |
||
| 500 | _aAt head of title: Sociʹetʹe franca̧ise de philosophie. | ||
| 650 | 0 |
_aPhilosophy _vDictionaries _xFrench. |
|
| 700 | 1 | _aPoirier, Rene{u00B4} | |
| 710 | 2 | _aSocie{u00B4}te{u00B4} franca̧ise de philosophie. | |
| 902 | _a1 | ||
| 905 |
_ahanan _eCat. |
||
| 905 |
_aJihan _eRev |
||
| 942 |
_2ddc _cBK |
||
| 999 |
_c158828 _d158828 |
||